Budget and cost management. (Record no. 69729)
[ view plain ]
| 000 -LEADER | |
|---|---|
| fixed length control field | 00906cam a2200229 4500 |
| 001 - CONTROL NUMBER | |
| control field | ABS65191 |
| 008 - FIXED-LENGTH DATA ELEMENTS--GENERAL INFORMATION | |
| fixed length control field | 020307n2002 000 0 eng u |
| 035 ## - SYSTEM CONTROL NUMBER | |
| System control number | (Sirsi) u117042 |
| 100 ## - MAIN ENTRY--PERSONAL NAME | |
| Personal name | Vollans, P. |
| 245 ## - TITLE STATEMENT | |
| Title | Budget and cost management. |
| 260 ## - PUBLICATION, DISTRIBUTION, ETC. | |
| Date of publication, distribution, etc. | 2002 |
| 490 ## - SERIES STATEMENT | |
| Series statement | Project Management |
| Volume/sequential designation | 14(1) February 2002, 36-37(2) |
| 520 ## - SUMMARY, ETC. | |
| Summary, etc. | A brief overview of paper "Budget and Cost Management", which appears in Project Management Pathways. Identifies key factors involved in cost control process. Clear goals, realistic budget, good reporting systems, good change control system, good leadership and good sub-contract management are all perceived as effective cost control features. Tables. |
| 590 ## - LOCAL NOTE (RLIN) | |
| Local note | ABS |
| 650 ## - SUBJECT ADDED ENTRY--TOPICAL TERM | |
| Topical term or geographic name entry element | COST CONTROL |
| 650 ## - SUBJECT ADDED ENTRY--TOPICAL TERM | |
| Topical term or geographic name entry element | BUDGET |
| 650 ## - SUBJECT ADDED ENTRY--TOPICAL TERM | |
| Topical term or geographic name entry element | COSTS |
| 650 ## - SUBJECT ADDED ENTRY--TOPICAL TERM | |
| Topical term or geographic name entry element | CASH FLOW |
| 650 ## - SUBJECT ADDED ENTRY--TOPICAL TERM | |
| Topical term or geographic name entry element | Cost management |
| 9 (RLIN) | 6233 |
| 690 ## - LOCAL SUBJECT ADDED ENTRY--TOPICAL TERM (OCLC, RLIN) | |
| Topical term or geographic name as entry element | Project management |
| 9 (RLIN) | 6261 |
| 942 ## - ADDED ENTRY ELEMENTS (KOHA) | |
| Suppress in OPAC | 0 |
| Withdrawn status | Lost status | Source of classification or shelving scheme | Damaged status | Not for loan | Home library | Current library | Shelving location | Date acquired | Total Checkouts | Full call number | Barcode | Date last seen | Copy number | Price effective from | Koha item type |
|---|---|---|---|---|---|---|---|---|---|---|---|---|---|---|---|
| Dewey Decimal Classification | London | London | Journal article | 07/03/2002 | ABS65191 | 117042-1001 | 06/08/2019 | 1 | 06/08/2019 | Journal article |